[Event "Beer Sheva it"]
[Site "Beer Sheva ISR"]
[Date "1978.03.??"]
[Round "11"]
[White "Pasman, Michael"]
[Black "Tatai, Stefano"]
[Result "1/2-1/2"]
[WhiteElo "2395"]
[BlackElo "2455"]
[EventDate "1978.02.18"]
[PlyCount "122"]

1.d4 e6 2.e4 d5 3.e5 c5 4.c3 Nc6 5.Nf3 Bd7 6.a3 Rc8 7.b4 cxd4 8.cxd4 Qb6 
9.Bb2 a6 10.Be2 Nh6 11.O-O Be7 12.Nc3 Na7 13.Na4 Bxa4 14.Qxa4+ Qc6 15.
Qxc6+ Rxc6 16.Rfc1 Rxc1+ 17.Bxc1 Nf5 18.g4 Nh4 19.Nxh4 Bxh4 20.f4 Bd8 21.
Bb2 Bb6 22.Kf2 f6 23.exf6 gxf6 24.Bf3 Nb5 25.Ke3 Nd6 26.Kd3 f5 27.g5 Nc4 
28.Bc1 h6 29.g6 Kf8 30.Bd2 Nd6 31.h4 h5 32.Rg1 Kg7 33.Rg5 Bd8 34.Rxh5 Rxh5
35.Bxh5 Bxh4 36.a4 Nc4 37.Kc3 Bf6 38.Be1 Nb6 39.Bd1 Kxg6 40.Bf2 Be7 41.Be1
Nc4 42.Be2 Bd6 43.Bg3 Ne3 44.Bf3 Nf1 45.Be1 Bxf4 46.Be2 Nh2 47.b5 axb5 48.
Bxb5 Nf3 49.Bf2 Nd2 50.Kd3 Ne4 51.Be1 Bg3 52.Bb4 Kf7 53.a5 Nf6 54.Ke3 Bc7 
55.Kf3 Bd8 56.Ke2 Be7 57.Be1 Ba3 58.Bc6 Bd6 59.Bxb7 Ne4 60.Bc6 Bb8 61.Ba4 
1/2-1/2

[Event "Beer Sheva it"]
[Site "Beer Sheva ISR"]
[Date "1978.03.??"]
[Round "11"]
[White "Lederman, Leon"]
[Black "Liberzon, Vladimir"]
[Result "1-0"]
[WhiteElo "2405"]
[BlackElo "2555"]
[EventDate "1978.02.18"]
[PlyCount "82"]

1.e4 c5 2.Nf3 e6 3.d4 cxd4 4.Nxd4 Nc6 5.Nb5 d6 6.c4 Nf6 7.N1c3 a6 8.Na3 
Be7 9.Be2 O-O 10.O-O b6 11.Be3 Bb7 12.f4 Re8 13.Bf3 Rb8 14.Nc2 Na5 15.b3 
Qc7 16.Qd3 Rec8 17.Bd2 b5 18.cxb5 axb5 19.Rac1 Ba6 20.Nb4 Qd8 21.Kh1 Bb7 
22.Nxb5 Rxc1 23.Rxc1 Bxe4 24.Bxe4 Nxe4 25.Qxe4 Rxb5 26.Nc6 Nxc6 27.Rxc6 g6
28.b4 Qa8 29.Qc2 Qa3 30.Rc3 Qa7 31.a4 Rb8 32.Be3 Qa8 33.Rc6 Kg7 34.b5 Bf6 
35.Rxd6 Rc8 36.Rc6 Rd8 37.Bd2 Qa7 38.Bc3 Qe3 39.Bxf6+ Kxf6 40.h3 Qxf4 41.
Qc3+ 1-0

[Event "Beer Sheva it"]
[Site "Beer Sheva ISR"]
[Date "1978.03.??"]
[Round "11"]
[White "Stean, Michael Francis"]
[Black "Keene, Raymond Dennis"]
[Result "1/2-1/2"]
[WhiteElo "2510"]
[BlackElo "2480"]
[EventDate "1978.02.18"]
[PlyCount "44"]

1.e4 d6 2.d4 Nf6 3.Nc3 g6 4.Nf3 Bg7 5.Be2 O-O 6.O-O Nc6 7.h3 e5 8.dxe5 
Nxe5 9.Nxe5 dxe5 10.Qxd8 Rxd8 11.Be3 Be6 12.Rfd1 a6 13.Kf1 Kf8 14.Ke1 Ke8 
15.Rxd8+ Rxd8 16.Rd1 Rxd1+ 17.Kxd1 c6 18.Kd2 Nd7 19.a3 Bf8 20.Nd1 Bc5 21.
b4 Bxe3+ 22.Nxe3 1/2-1/2

[Event "Beer Sheva it"]
[Site "Beer Sheva ISR"]
[Date "1978.03.??"]
[Round "12"]
[White "Keene, Raymond Dennis"]
[Black "Birnboim, Nathan"]
[Result "1-0"]
[WhiteElo "2480"]
[BlackElo "2465"]
[EventDate "1978.02.18"]
[PlyCount "81"]

1.d4 d5 2.c4 c6 3.Nf3 Nf6 4.Nc3 dxc4 5.a4 Bf5 6.Ne5 Nbd7 7.Nxc4 e6 8.f3 
Bb4 9.Qb3 a5 10.e4 Bg6 11.Bg5 Qb8 12.Be2 O-O 13.O-O b5 14.axb5 cxb5 15.Ne3
e5 16.d5 Qb6 17.Kh1 Nc5 18.Qc2 Bxc3 19.Qxc3 Nfxe4 20.fxe4 Nxe4 21.Qc6 Qxc6
22.dxc6 Nxg5 23.Nd5 Ne6 24.c7 Nd4 25.Ne7+ Kh8 26.Bf3 Rae8 27.Nxg6+ hxg6 
28.Bb7 Nb3 29.Rae1 Nd2 30.Rf2 Nc4 31.Ba6 Nb6 32.Rd2 Ra8 33.Bxb5 Rac8 34.
Rc1 Na8 35.Rdc2 Nxc7 36.Rxc7 Rxc7 37.Rxc7 Rd8 38.Rxf7 Rb8 39.Bd3 Rd8 40.
Bc4 Rd4 41.b3 1-0

[Event "Beer Sheva it"]
[Site "Beer Sheva ISR"]
[Date "1978.03.??"]
[Round "12"]
[White "Formanek, Edward"]
[Black "Bleiman, Yaacov"]
[Result "0-1"]
[WhiteElo "2410"]
[BlackElo "2440"]
[EventDate "1978.02.18"]
[PlyCount "50"]

1.e4 c5 2.Nf3 Nc6 3.d4 cxd4 4.Nxd4 Nf6 5.Nc3 e5 6.Ndb5 d6 7.Bg5 a6 8.Na3 
b5 9.Nd5 Be7 10.Bxf6 Bxf6 11.Be2 O-O 12.O-O Bg5 13.c3 Ne7 14.c4 Nxd5 15.
Qxd5 Be6 16.Qd3 b4 17.Nc2 Qb6 18.b3 a5 19.Rfd1 Rad8 20.a3 f5 21.Ne3 fxe4 
22.Qxe4 Rf4 23.Qc2 Rxf2 24.Kxf2 Qxe3+ 25.Kf1 Rf8+ 0-1

[Event "Beer Sheva it"]
[Site "Beer Sheva ISR"]
[Date "1978.03.??"]
[Round "12"]
[White "Murey, Yaacov"]
[Black "Lederman, Leon"]
[Result "1-0"]
[WhiteElo "2420"]
[BlackElo "2405"]
[EventDate "1978.02.18"]
[PlyCount "88"]

1.e4 c5 2.Nf3 d6 3.d4 cxd4 4.Nxd4 Nf6 5.Nc3 a6 6.Bg5 e6 7.f4 Qb6 8.f5 Qxb2
9.Na4 Qb4+ 10.c3 Qa5 11.Bxf6 gxf6 12.fxe6 Bxe6 13.Nxe6 fxe6 14.Qb3 Nd7 15.
Qxb7 Rb8 16.Qxa6 Qg5 17.Qd3 Rg8 18.Rd1 Rg7 19.h4 Qg4 20.Rh3 Ne5 21.Qc2 Kf7
22.Nb2 Kg8 23.Nc4 Kh8 24.Nxe5 fxe5 25.Qe2 Be7 26.g3 Qg6 27.h5 Qf6 28.Bg2 
d5 29.exd5 exd5 30.Bxd5 e4 31.g4 Bc5 32.Qf1 Qe5 33.Qg2 Qf4 34.Qg3 Qf8 35.
h6 Rg5 36.Bb3 Re8 37.Rd5 e3 38.Qf3 Qe7 39.Rxg5 Qxg5 40.Qf5 Qxf5 41.gxf5 e2
42.Rh2 Bd6 43.Rg2 Bf4 44.Be6 1-0

[Event "Beer Sheva it"]
[Site "Beer Sheva ISR"]
[Date "1978.03.??"]
[Round "12"]
[White "Pasman, Michael"]
[Black "Stean, Michael Francis"]
[Result "0-1"]
[WhiteElo "2395"]
[BlackElo "2510"]
[EventDate "1978.02.18"]
[PlyCount "36"]

1.d4 e6 2.c4 Nf6 3.g3 d5 4.Bg2 dxc4 5.Nf3 c6 6.Ne5 Bb4+ 7.Bd2 Qxd4 8.Bxb4 
Qxe5 9.Na3 b5 10.f4 Qc7 11.Nxb5 cxb5 12.Bxa8 Bb7 13.Bxb7 Qxb7 14.O-O Qb6+ 
15.Kh1 Nc6 16.Bc3 Ng4 17.Qd6 Ne3 18.Rfd1 Qb7 0-1

[Event "Beer Sheva it"]
[Site "Beer Sheva ISR"]
[Date "1978.03.??"]
[Round "12"]
[White "Tatai, Stefano"]
[Black "Kagan, Shimon"]
[Result "1/2-1/2"]
[WhiteElo "2455"]
[BlackElo "2465"]
[EventDate "1978.02.18"]
[PlyCount "106"]

1.d4 g6 2.e4 Bg7 3.Nf3 d6 4.Be2 Nd7 5.O-O e5 6.dxe5 dxe5 7.Nc3 Ngf6 8.Re1 
O-O 9.a4 a5 10.Be3 c6 11.Nd2 Qe7 12.Nc4 Nc5 13.Qd6 Qxd6 14.Nxd6 Ne6 15.
Rad1 Nd4 16.Bxd4 exd4 17.Rxd4 Nd7 18.Rd2 Nc5 19.Ra1 Rd8 20.f3 Be6 21.f4 
Bxc3 22.bxc3 Rd7 23.e5 f6 24.Rd4 fxe5 25.fxe5 Re7 26.Re1 Rf8 27.Ne4 Nxe4 
28.Rxe4 Rfe8 29.Re3 Rf7 30.Rf3 Rd7 31.Rd3 Rd5 32.Rxd5 Bxd5 33.Bd3 Kf7 34.
Kf2 c5 35.Bb5 Re7 36.Kg3 g5 37.Kg4 Ke6 38.Re2 h6 39.c4 Bc6 40.Kh5 Rh7 41.
Kg6 Rh8 42.Kg7 Rd8 43.Kxh6 g4 44.Bxc6 bxc6 45.Kg5 Rd4 46.h4 gxh3 47.gxh3 
Rxc4 48.h4 Rxa4 49.h5 Ra1 50.h6 Rg1+ 51.Kh5 Rh1+ 52.Kg6 Rg1+ 53.Kh5 
1/2-1/2

[Event "Beer Sheva it"]
[Site "Beer Sheva ISR"]
[Date "1978.03.??"]
[Round "12"]
[White "Veinger, Itzhak"]
[Black "Kraidman, Yair"]
[Result "0-1"]
[WhiteElo "2470"]
[BlackElo "2455"]
[EventDate "1978.02.18"]
[PlyCount "42"]

1.e4 c5 2.Nf3 d6 3.d4 cxd4 4.Qxd4 Bd7 5.c4 Nc6 6.Qd2 g6 7.Be2 Nf6 8.Nc3 
Bg7 9.O-O O-O 10.Rb1 a6 11.b3 Qb8 12.Bb2 b5 13.Nd4 bxc4 14.Bxc4 Nxd4 15.
Qxd4 Ng4 16.Qd1 d5 17.g3 dxc4 18.Qxd7 Ne5 19.Qd1 Rd8 20.Qe2 Rd2 21.Qe3 0-1

[Event "Beer Sheva it"]
[Site "Beer Sheva ISR"]
[Date "1978.03.??"]
[Round "13"]
[White "Bleiman, Yaacov"]
[Black "Veinger, Itzhak"]
[Result "0-1"]
[WhiteElo "2440"]
[BlackElo "2470"]
[EventDate "1978.02.18"]
[PlyCount "78"]

1.d4 Nf6 2.c4 c5 3.d5 e5 4.Nc3 d6 5.e4 Be7 6.h3 Na6 7.g4 Nc7 8.Bd3 h5 9.g5
Nd7 10.h4 Nf8 11.Be3 Bg4 12.f3 Bd7 13.Nge2 Rb8 14.a4 Na6 15.f4 exf4 16.
Nxf4 Nb4 17.Be2 Bg4 18.Nxh5 Bxh5 19.Bxh5 Nd7 20.Be2 Ne5 21.Kd2 a6 22.Qf1 
Qb6 23.b3 Qd8 24.Qg2 Kd7 25.Qg3 Qa5 26.h5 Rbe8 27.Rhf1 Kc8 28.h6 gxh6 29.
gxh6 Reg8 30.Qh3+ Kb8 31.Rf5 Rg6 32.Bh5 Rhxh6 33.Bxh6 Rxh6 34.Qe3 Bf8 35.
Be2 Rh2 36.Qg3 Bh6+ 37.Kd1 Nbd3 38.Qxh2 Qxc3 39.Bxd3 Qxa1+ 0-1

[Event "Beer Sheva it"]
[Site "Beer Sheva ISR"]
[Date "1978.03.??"]
[Round "13"]
[White "Kagan, Shimon"]
[Black "Formanek, Edward"]
[Result "1-0"]
[WhiteElo "2465"]
[BlackElo "2410"]
[EventDate "1978.02.18"]
[PlyCount "124"]

1.e4 c5 2.Nf3 d6 3.d4 cxd4 4.Nxd4 Nf6 5.Nc3 e6 6.g3 Be7 7.Bg2 O-O 8.O-O 
Nc6 9.b3 Qc7 10.Ncb5 Qb8 11.Nxc6 bxc6 12.Nd4 Qc7 13.e5 dxe5 14.Nxc6 Bd6 
15.Ne7+ Bxe7 16.Bxa8 Ba6 17.Bg2 Rd8 18.Qe1 Qxc2 19.Be3 Bxf1 20.Bxf1 Nd5 
21.Bxa7 Ra8 22.Be3 f5 23.Qd2 Qxd2 24.Bxd2 Ba3 25.Rb1 Kf7 26.b4 Rc8 27.Rb3 
Rc2 28.Rxa3 Rxd2 29.b5 e4 30.Bc4 Rb2 31.Bb3 Rb1+ 32.Kg2 Rb2 33.Kf1 Rb1+ 
34.Ke2 Nc3+ 35.Ke3 Nxb5 36.Ra5 Nd6 37.Re5 Ke7 38.Rxe6+ Kd7 39.Re5 g6 40.
Ra5 h6 41.Ra7+ Kc6 42.Rh7 Rb2 43.Rxh6 f4+ 44.Kxf4 Rxf2+ 45.Ke3 Rf6 46.g4 
Kc5 47.h4 Rf3+ 48.Ke2 Rh3 49.Rxg6 Rxh4 50.Rg5+ Kb4 51.Kf2 Nb5 52.Kg3 Rh1 
53.Re5 Nc3 54.g5 Re1 55.Kf2 Re2+ 56.Kg1 Re1+ 57.Kg2 Re2+ 58.Kh3 Re3+ 59.
Kh4 Re1 60.g6 Rg1 61.Kh5 Rg3 62.Be6 1-0

[Event "Beer Sheva it"]
[Site "Beer Sheva ISR"]
[Date "1978.03.??"]
[Round "13"]
[White "Kraidman, Yair"]
[Black "Liberzon, Vladimir"]
[Result "1/2-1/2"]
[WhiteElo "2455"]
[BlackElo "2555"]
[EventDate "1978.02.18"]
[PlyCount "86"]

1.d4 Nf6 2.c4 g6 3.Nc3 Bg7 4.e4 d6 5.Be2 O-O 6.Bg5 h6 7.Be3 c5 8.dxc5 Qa5 
9.Qd2 dxc5 10.Bxh6 Rd8 11.Qe3 Bxh6 12.Qxh6 Nxe4 13.Rc1 Nc6 14.Nf3 Nd4 15.
O-O Nxe2+ 16.Nxe2 Bg4 17.Qe3 Nd2 18.Nxd2 Qxd2 19.Nc3 Qxe3 20.fxe3 Be6 21.
b3 f6 22.Rfd1 Kf7 23.h3 Bd7 24.Rd2 Bc6 25.Rcd1 Rxd2 26.Rxd2 g5 27.Kf2 f5 
28.a3 e6 29.b4 cxb4 30.axb4 a6 31.Rd6 Ke7 32.c5 Rd8 33.Rxd8 Kxd8 34.g3 Ke7
35.e4 Kf6 36.exf5 exf5 37.h4 Kg6 38.Ne2 Kh5 39.hxg5 Kxg5 40.Nd4 Kg4 41.Ne6
Be4 42.Nf4 Kg5 43.Ne2 1/2-1/2

[Event "Beer Sheva it"]
[Site "Beer Sheva ISR"]
[Date "1978.03.??"]
[Round "13"]
[White "Lederman, Leon"]
[Black "Keene, Raymond Dennis"]
[Result "1-0"]
[WhiteElo "2405"]
[BlackElo "2480"]
[EventDate "1978.02.18"]
[PlyCount "124"]

1.e4 g6 2.d4 Bg7 3.Nc3 c6 4.f4 d5 5.e5 h5 6.Be3 Nh6 7.Be2 Bg4 8.Qd2 Bxe2 
9.Ncxe2 Na6 10.Nf3 Nc7 11.h3 Qd7 12.g3 O-O-O 13.O-O-O Kb8 14.Kb1 Rdg8 15.
Nc1 f6 16.Nd3 b6 17.Rdg1 Bf8 18.Rh2 f5 19.b3 e6 20.Nf2 Be7 21.g4 Bd8 22.
gxh5 gxh5 23.Rhg2 Rxg2 24.Rxg2 Rg8 25.Nd3 Qe8 26.Ng5 Be7 27.Qf2 Qg6 28.Bd2
Kb7 29.Bb4 Bd8 30.a4 Nf7 31.Ne1 Nh8 32.Qg1 Qe8 33.Nxe6 Rxg2 34.Nxd8+ Qxd8 
35.Nxg2 Qg8 36.Qf2 Ne6 37.Bd2 Nf7 38.Be3 Nfd8 39.Nh4 Qf8 40.Qg1 Ng7 41.Qg6
Nde6 42.Kb2 c5 43.dxc5 d4 44.c6+ Kc7 45.Bd2 Kxc6 46.Qg2+ Kc7 47.Qd5 Qe8 
48.Qd6+ Kc8 49.Qd5 Kc7 50.Qc4+ Qc6 51.Qd3 Qe4 52.Qc4+ Qc6 53.Qa6 Qb7 54.
Qd3 Qe4 55.Qxe4 fxe4 56.f5 e3 57.Bb4 Nf4 58.Kc1 Nxh3 59.Bf8 Ne8 60.Nf3 Nf4
61.Bh6 Nd5 62.f6 1-0

[Event "Beer Sheva it"]
[Site "Beer Sheva ISR"]
[Date "1978.03.??"]
[Round "13"]
[White "Stean, Michael Francis"]
[Black "Tatai, Stefano"]
[Result "1/2-1/2"]
[WhiteElo "2510"]
[BlackElo "2455"]
[EventDate "1978.02.18"]
[PlyCount "26"]

1.Nf3 Nf6 2.g3 g6 3.Bg2 Bg7 4.O-O O-O 5.d4 d5 6.c4 c6 7.cxd5 cxd5 8.Ne5 
Nc6 9.Nxc6 bxc6 10.Nc3 Ne4 11.Nxe4 dxe4 12.Be3 Bf5 13.Qa4 1/2-1/2